Szczegóły MARC21

Bezpośrednie inwestycje zagraniczne w prywatyzacji polskiej gospodarki /

003 -Nazwa inst., której nr kontr. jest w polu 001 [,]
    • @
    • Nazwa instytucji, której n kontrolny jest w polu 001
    • NUKAT
005 -DATA I CZAS OSTATNIEJ MODYFIKACJI [,]
    • @
    • pole kontrolne
    • 20241231111224.0
020 -Międzynarod. znormalizowany nr książki - ISBN [ , ]
    • a
    • Numer ISBN
    • 9788372852953 Find
020 -Międzynarod. znormalizowany nr książki - ISBN [ , ]
    • a
    • Numer ISBN
    • 8372852952 Find
040 -Instytucja sporządzająca opis [ , ]
    • a
    • Instytucja, która sporządziła opis (NP)
    • WR U/PAd
    • c
    • Instytucja, która sporządziła rekord (NP)
    • WR U/ap
    • d
    • Instytucja, która zmodyfikowała rekord (P)
    • WR U/jm
    • d
    • Instytucja, która zmodyfikowała rekord (P)
    • KR 7/DZs
942 -Rodzaj dokumentu [ , ]
    • c
    • Rodzaj dokumentu
    • Książka
100 -Hasło główne - nazwa osobowa [1, ]
    • a
    • Nazwa osobowa (NP)
    • Jaworek, Małgorzata
    • d
    • Daty biograficzne (NP)
    • (1977- ).
    • 9
    • KHW
    • 65863
245 -Strefa tytułu i oznaczenia odpowiedzialności [1,0]
    • a
    • Tytuł
    • Bezpośrednie inwestycje zagraniczne w prywatyzacji polskiej gospodarki / Find
    • c
    • Pozostałe elementy strefy tytułu i oznaczenia odpowiedzialności (NP)
    • Małgorzata Jaworek.
260 -Strefa adresu wydawniczego [ , ]
    • a
    • Miejsce wydania (P)
    • Toruń :
    • b
    • Nazwa wydawcy (P)
    • Towarzystwo Naukowe Organizacji i Kierownictwa "Dom Organizatora",
    • c
    • Data wydania (P)
    • 2006.
300 -Strefa opisu fizycznego [ , ]
    • a
    • Określenie formy książki i/lub objętość (NP)
    • 375 s. :
    • b
    • Oznaczenie ilustracji (NP)
    • il. ;
    • c
    • Format (NP)
    • 24 cm.
336 -Typ zawartości [ , ]
    • a
    • Termin opisujący typ zawartości
    • Tekst
    • b
    • Kod określający zawartość
    • txt
    • 2
    • Źródło (terminu i kodu)
    • rdacontent
337 -Typ mediów [ , ]
    • a
    • Tryb odtwarzania
    • Bez urządzenia pośredniczącego
    • b
    • Kod typu mediów
    • n
    • 2
    • Źródło (terminu i kodu)
    • rdamedia
338 -Typ/rodzaj nośnika [ , ]
    • a
    • Hasło opisujące typ nośnika
    • Wolumin
    • b
    • Kod typu nośnika
    • nc
    • 2
    • Źródło (terminu i kodu)
    • rdacarrier
504 -Uwaga dot. bibliogr. załącznikowej [ , ]
    • a
    • Uwaga dot. bibliografii załącznikowej
    • Bibliogr. s. 355-368.
080 -Uniwersalna Klasyfikacja Dziesiętna [ , ]
    • 2
    • Identyfikator wydania tablic
    • UDC-P058
    • 9
    • UKD
    • 3332
    • a
    • Symbol klasyfikacji
    • 339.727
    • b
    • Dopowiedzenie
    • Obrót kapitałowy. Międzynarodowy rynek kapitałowy. Import i eksport kapitału. Inwestycje zagraniczne. Inwestycje za granicą.
080 -Uniwersalna Klasyfikacja Dziesiętna [ , ]
    • 2
    • Identyfikator wydania tablic
    • UDC-P058
    • 9
    • UKD
    • 3062
    • a
    • Symbol klasyfikacji
    • 332.025.28
    • b
    • Dopowiedzenie
    • Prywatyzacja. Denacjonalizacja. Reprywatyzacja.
080 -Uniwersalna Klasyfikacja Dziesiętna [ , ]
    • 2
    • Identyfikator wydania tablic
    • BN KHW UKD
    • 9
    • UKD
    • 84813
    • a
    • Symbol klasyfikacji
    • 332.14(438)
    • b
    • Dopowiedzenie
    • Regionalna, terytorialna polityka gospodarcza w Polsce. Planowanie gospodarcze w Polsce. Planowanie terenowe w Polsce. Prognozy gospodarcze w Polsce
650 -Hasło przedmiotowe [ ,7]
    • a
    • Hasło przedmiotowe
    • Inwestycje zagraniczne
    • z
    • Określnik geograficzny
    • Polska
    • y
    • Określnik chronologiczny
    • 1990-.
    • 2
    • Źródło terminu
    • kaba
    • 9
    • KHW
    • 358547
650 -Hasło przedmiotowe [ ,7]
    • a
    • Hasło przedmiotowe
    • Inwestycje zagraniczne
    • z
    • Określnik geograficzny
    • Polska
    • y
    • Określnik chronologiczny
    • 1990-
    • v
    • Określnik formalny
    • studium przypadku.
    • 2
    • Źródło terminu
    • kaba
    • 9
    • KHW
    • 382457
650 -Hasło przedmiotowe [ ,7]
    • a
    • Hasło przedmiotowe
    • Prywatyzacja
    • z
    • Określnik geograficzny
    • Polska
    • y
    • Określnik chronologiczny
    • 1990-.
    • 2
    • Źródło terminu
    • kaba
    • 9
    • KHW
    • 352197
980 -Symbol UKD [ , ]
    • a
    • UKD
    • 339.727:332.025.28:332.14(438)
710 -Hasło dodatkowe - nazwa ciała zbiorowego [2, ]
    • a
    • Nazwa ciała zbiorowego lub nazwa geograficzna jako pierwszy element (NP)
    • Towarzystwo Naukowe Organizacji i Kierownictwa.
    • b
    • Nazwa jednostki podrzędnej (P)
    • Dom Organizatora.
    • 4
    • Kod relacji
    • pbl
    • 9
    • KHW
    • 53670
920 -ISBN [ , ]
    • a
    • ISBN
    • 978-83-7285-295-3 Find
920 -ISBN [ , ]
    • a
    • ISBN
    • 83-7285-295-2 Find
Data inwentaryzacji Lokalizacja Sygnatura Numer inwentarzowy Status udost.
2016-11-04BE E.76825-2
2016-11-04BE S.95269-2
2016-05-04GW339GW.7754-3
2016-05-04GW339GW.7753-3